Most Populated Capital Cities in Europe - Statistics

General Stats
  • This quiz has been taken 126 times
    74 since last reset
  • The average score is 9 of 10
Answer Stats
Population City % Correct
3,552,123 Berlin
100%
9,046,485 London
100%
10,900,952 Paris
100%
6,497,124 Madrid
98%
4,209,710 Rome
98%
12,409,738 Moscow
97%
3,155,600 Athens
89%
2,927,316 Lisbon
84%
2,956,706 Kiev
80%
2,049,510 Brussels
72%
No matching quizzes found
Score Distribution
Percent of People with Each Score
Percentile by Number Answered
Your Score History
You have not taken this quiz since the last reset